000 00733nam a2200229Ia 4500
001 9675
003 GE_BSU
008 181216s||||||||xx |||||||||||||| ||und||
040 _cGE_BSU
080 _a821.353.1–1
100 _aნადარეიშვილი,ლაშა
245 _aბილიკ–ბილიკ
245 _bლექსები
245 _cრედ.ზ.კუხიანიძე.მხატვ.ა.ტატანაშვილი
260 _aთბილისი
260 _bსაბჭოთა საქართველო
260 _c1984
300 _a38გვ.16სმ.
653 _aბილიკ–ბილიკ
653 _aლექსები
942 _cBK
999 _c42959
_d42959